| 000 | 04365cam a22018254i 4500 | ||
|---|---|---|---|
| 003 | PE-LiUPU | ||
| 005 | 20251014105206.0 | ||
| 008 | 170206s2016 xxua r 001 0 spa d | ||
| 020 |
_a8416353832 _q(trade paperback) |
||
| 020 |
_a9788416353835 _q(trade paperback) |
||
| 035 | _a(Sirsi) a166740 | ||
| 040 |
_aPE-LiUPU _bspa _cPE-LiUPU _erda |
||
| 041 | 1 |
_aspa _heng |
|
| 049 | _aPRUA | ||
| 082 | 0 | 4 |
_a618.20231 _bE56e _223 |
| 245 | 0 | 0 |
_aEnfermería materno-neonatal / _ceditora clínica, Stephanie C. Butkus ; traducción, Federico Campana. |
| 250 | _aTercera edición. | ||
| 264 | 1 |
_aPhiladelphia : _bWolters Kluwer, _c[2016] |
|
| 300 |
_avii, 598 páginas : _bilustraciones ; _c23 cm |
||
| 336 |
_atext _2rdacontent |
||
| 337 |
_aunmediated _2rdamedia |
||
| 338 |
_avolume _2rdacarrier |
||
| 490 | 0 | _aEnfermería fácil | |
| 504 | _aÍndices: páginas 587-598. | ||
| 505 | 0 | _aIntroducción a la enfermería materno-neonatal -- Concepción y desarrollo fetal -- Planificación familiar, anticoncepción e infecundidad -- Adaptaciones fisiológicos y psicosociales al embarazo -- Cuidado prenatal -- Embarazo de alto riesgo -- Trabajo de parto y parto -- Complicaciones del trabajo de parto y parto -- Cuidado de postparto -- Complicaciones del périodo de postparto -- Valoración y cuidado neonatal -- Trastornos neonatales de alto riesgo. | |
| 526 | _aP203 | ||
| 526 | _aP200 | ||
| 526 | _aSEG65 | ||
| 526 | _aSEG64 | ||
| 526 | _aSEG63 | ||
| 526 | _aSEG62 | ||
| 526 | _aSEG61 | ||
| 526 | _aSEG60 | ||
| 526 | _aSEG59 | ||
| 526 | _aSEG58 | ||
| 526 | _aSEG57 | ||
| 526 | _aSEG56 | ||
| 526 | _aSEG55 | ||
| 526 | _aSEG54 | ||
| 526 | _aSEG53 | ||
| 526 | _aSEG52 | ||
| 526 | _aSEG51 | ||
| 526 | _aSEG50 | ||
| 526 | _aSEG49 | ||
| 526 | _aSEG48 | ||
| 526 | _aSEG47 | ||
| 526 | _aSEG46 | ||
| 526 | _aSEG24 | ||
| 526 | _aSEG23 | ||
| 526 | _aSEG22 | ||
| 526 | _aSEG21 | ||
| 526 | _aSEG20 | ||
| 526 | _aSEG19 | ||
| 526 | _aSEG18 | ||
| 526 | _aSEG17 | ||
| 526 | _aSEG16 | ||
| 526 | _aSEG14 | ||
| 526 | _aSEG13 | ||
| 526 | _aSEG12 | ||
| 526 | _aSEG11 | ||
| 526 | _aSEG10 | ||
| 526 | _aSEG09 | ||
| 526 | _aSEG06 | ||
| 526 | _aSEG05 | ||
| 526 | _aSEG04 | ||
| 526 | _aSEG03 | ||
| 526 | _aSEG02 | ||
| 526 | _aSEG68 | ||
| 526 | _aSEG66 | ||
| 526 | _aSEG45 | ||
| 526 | _aSEG25 | ||
| 526 | _aSEG01 | ||
| 526 | _aP163 | ||
| 526 | _aP162 | ||
| 526 | _aP161 | ||
| 526 | _aP160 | ||
| 526 | _aP159 | ||
| 526 | _aP158 | ||
| 526 | _aP157 | ||
| 526 | _aP156 | ||
| 526 | _aP155 | ||
| 526 | _aP154 | ||
| 526 | _aP153 | ||
| 526 | _aP152 | ||
| 526 | _aP151 | ||
| 526 | _aP150 | ||
| 526 | _aP149 | ||
| 526 | _aP142 | ||
| 526 | _aP141 | ||
| 526 | _aP140 | ||
| 526 | _aP139 | ||
| 526 | _aP138 | ||
| 526 | _aP137 | ||
| 526 | _aP132 | ||
| 526 | _aP131 | ||
| 526 | _aP130 | ||
| 526 | _aP126 | ||
| 526 | _aP125 | ||
| 526 | _aP124 | ||
| 526 | _aP123 | ||
| 526 | _aP115 | ||
| 526 | _aP122 | ||
| 526 | _aP121 | ||
| 526 | _aP116 | ||
| 526 | _a P114 | ||
| 526 | _aP112 | ||
| 526 | _aP111 | ||
| 526 | _aP104 | ||
| 526 | _aP103 | ||
| 526 | _aP102 | ||
| 526 | _aP101 | ||
| 526 | _aP100 | ||
| 526 | _aP96 | ||
| 526 | _aP95 | ||
| 526 | _aP93 | ||
| 526 | _aP92 | ||
| 526 | _aP91 | ||
| 526 | _aP88 | ||
| 526 | _aP83 | ||
| 526 | _aP82 | ||
| 526 | _aP79 | ||
| 526 | _aP78 | ||
| 526 | _aP75 | ||
| 526 | _aP74 | ||
| 526 | _aP71 | ||
| 526 | _aP69 | ||
| 526 | _a P51 | ||
| 526 | _aP49 | ||
| 526 | _aP48 | ||
| 526 | _aP47 | ||
| 526 | _aP33 | ||
| 526 | _aP31 | ||
| 526 | _a P30 | ||
| 526 | _aP29 | ||
| 526 | _aP27 | ||
| 526 | _aP26 | ||
| 526 | _aP25 | ||
| 526 | _aP24 | ||
| 526 | _a P22 | ||
| 526 | _aP10 | ||
| 526 | _aP09 | ||
| 526 | _a P08 | ||
| 526 | _aP06 | ||
| 526 | _aP05 | ||
| 526 | _aP04 | ||
| 526 | _aP01 | ||
| 650 | 1 | 4 |
_aNeonatología. _2qlsp _97167 |
| 650 | 2 | 4 |
_aEnfermería obstétrica. _2bidex _97168 |
| 700 | 1 |
_aButkus, Stephanie C., _eeditor. |
|
| 942 |
_2ddc _cBK |
||
| 980 |
_818226 _gJaime Vilcazán Jefe de Análisis Documental |
||
| 999 |
_c15477 _d15477 |
||